| 000 | 00941naa a22002411i 4500 | ||
|---|---|---|---|
| 003 | EG-ScBUE | ||
| 005 | 20240129130809.0 | ||
| 008 | 120829s1999 ua f 00010 eara d | ||
| 017 | _a99 / 10419 | ||
| 020 | _a9770163465 | ||
| 040 |
_aEG-ScBUE _bara _erda _cEG-ScBUE _dEG-ScBUE |
||
| 043 | _af-ua--- | ||
| 082 | 0 | 4 |
_a962.04 _bر ا ف _222 |
| 100 | 1 |
_aالرافعي، عبد الرحمن، _d1889-1966، _eمؤلف. _921675 |
|
| 245 | 1 | 0 |
_aثورة 1919 : _bتاريخ مصر القومي من 1914 إلى 1921 / _cعبد الرحمن الرافعي. |
| 264 | 1 |
_aالقاهرة : _bالهيئة المصرية العامة للكتاب، _c1999. |
|
| 300 |
_a283 صفحة ؛ _c24 سم. |
||
| 490 | 0 |
_aمكتبة الأسرة. _aالأعمال الفكرية |
|
| 500 | _aيشتمل على كشاف. | ||
| 651 | 7 |
_914751 _aمصر _xتاريخ _yالعصر الحديث _yثورة 1919 م. _2BUEsh |
|
| 655 | _vReading book | ||
| 942 |
_cBB _2ddc |
||
| 999 |
_c6594 _d6594 |
||